000 00524nam a22001817a 4500
008 170802b xxu||||| |||| 00| p tur d
020 _a9758274740
041 _atur
050 _aPL219
100 _aÇetin, Nurullah
_9412
245 _aYeni Türk Şairinin "Yusuf ve Züleyha Hikayesi" Duyarlığı
_cNurullah Çetin
250 _a1. baskı
260 _aAnkara
_bHece Yayınları
_cOcak 2004
300 _a80 sayfa
500 _aHece Yayınları: 71; İnceleme: 21
650 0 _9145
_aTürk Edebiyatı
942 _2lcc
_cBK
999 _c929
_d914